Countries that end in the letter i - Statistics

General Stats
  • This quiz has been taken 55 times
  • The average score is 6 of 9
Answer Stats
Answer % Correct
Fiji
84%
Burundi
78%
Mali
73%
Kiribati
71%
Haiti
69%
Malawi
65%
Djibouti
61%
Brunei
53%
eSwatini
27%
No matching quizzes found
Score Distribution
Percent of People with Each Score
Percentile by Number Answered
Your Score History
You have not taken this quiz